000 00544nam a2200193Ia 4500
005 20260120124629.0
008 008 260114s9999 xx 000 0 eng d
020 _a9780762308316
037 _aEBOOK
040 _aCRL
_beng
_cCRL
041 _aeng
_2eng
084 _qCRL
245 0 _aSuffer The Little Children
260 _bEmerald Publishing
_c2004
700 _aCarol Camp-Yeakey
_9908589
856 _uhttps://www.emerald.com/insight/publication/doi/10.1016/S1479-358X(2004)4
942 _cEBOOK
999 _c1500488
_d1500488